000 00657nam a2200265Ia 4500
003 OSt
005 20220912150644.0
006 a|||||r|||| 00| 0
007 ta
008 220909b |||||||| |||| 00| 0 eng d
024 _a51019
037 _cTextual
040 _aCSL
_beng
_cCSL
041 _aeng
082 _aG:61, K4;1
100 _aStahl F W
245 0 _aMechanics of inheritance
260 _aEnglewood
_bCliff Prentice Hall
_c1964
300 _axiii,171p.
_ccm.
500 _aAppendix 155-159p
650 _a Heredity
650 _aBiology
942 _hG:61, K4;1
_cTEXL
_2CC
999 _c51888
_d51888